000 00308nam a22001337a 4500
008 180914b xxu||||| |||| 00| 0 eng d
020 _a9780814478356
041 _aeng
080 _a338
100 _a53
101 _aMAN
245 _aFundamentals Of Project Management
_cLewis.J.P
942 _2udc
_cBK
999 _c47803
_d47803